| 000 | 00792nam a2200205Ia 4500 | ||
|---|---|---|---|
| 999 |
_c56003 _d56003 |
||
| 001 | 23103 | ||
| 003 | GE_BSU | ||
| 005 | 20230410105843.0 | ||
| 008 | 181216s1969||||ge |||||||||||||| ||geo|| | ||
| 040 | _cGE_BSU | ||
| 041 | _ageo | ||
| 080 | _a821.412'01-1 ძ-49 | ||
| 245 |
_aძველ-ეგვიპტური ლირიკა / _c მთარგმნ.: მ. ლებანიძე; რედ. ც. ჯაფარიძე. |
||
| 264 |
_aთბილისი : _bსაბჭ. საქართველო, _c1969. |
||
| 300 |
_a159 გვ. : _bილ. ; _c17 სმ. |
||
| 541 | _h0,50 თ. | ||
| 653 | _aძველ-ეგვიპტური ლირიკა | ||
| 700 |
_aლებანიძე, მ. _eმთარგმნელი _916253 |
||
| 942 |
_cBK _2udc |
||